000 03401cam a22012614i 4500
003 PE-LiUPU
005 20250813185332.0
008 160913s2013 pe r 000 0 spa d
020 _a6124205041
020 _a9786124205040
035 _a(Sirsi) a163392
040 _aPE-LiUPU
_bspa
_cPE-LiUPU
_erda
049 _aPRUA
082 0 4 _a336.2
_bC538
_220
100 1 _aCheca Gonzáles, Clemente;
_eautor.
245 1 4 _aLos responsables tributarios /
_cClemente Checa Gonzáles.
250 _aPrimera edición Peruana.
264 _aLima :
_bSuperintendencia Nacional de Aduanas y de Administración Tributaria,
_c2013.
300 _a580 páginas ;
_c24 centímetros.
336 _atext
_2rdacontent
337 _aunmediated
_2rdamedia
338 _avolume
_2rdacarrier
490 0 _aDoctrina tributaria y aduanera.
504 _aBilbliografía : páginas 139-149.
504 _aÍndice : páginas579-580.
505 0 _aLos responsables son obligados tributarios -- Extensión de la resonsabilidad -- Supuestos ejemplificativos de responsables solidarios recogidos en el artículo 42 de la LGT -- Supuestos ejemplificativos de responsables subsidiarios contemplados en el artículo 43 de la LGT -- Procedimientos para exigir el pago de la deuda tributaria a los responsables.
526 _aP202
526 _aP201
526 _aP163
526 _aP162
526 _aP161
526 _aP160
526 _aP148
526 _aP147
526 _aP146
526 _aP145
526 _aP144
526 _aP143
526 _aP142
526 _aP141
526 _aP140
526 _aP139
526 _aP138
526 _aP137
526 _aP136
526 _aP135
526 _aP134
526 _aP133
526 _aP129
526 _aP128
526 _aP127
526 _aP120
526 _aP119
526 _aP118
526 _aP116
526 _aP115
526 _aP114
526 _aP110
526 _aP109
526 _aP108
526 _aP104
526 _aP103
526 _aP102
526 _aP99
526 _aP98
526 _aP97
526 _aP96
526 _aP95
526 _aP93
526 _aP90
526 _aP89
526 _aP88
526 _aP83
526 _aP82
526 _aP62
526 _aP59
526 _aP58
526 _aP57
526 _aP51
526 _aP49
526 _aP48
526 _aP47
526 _aP29
526 _aP24
526 _aP20
526 _aP19
526 _aP17
526 _aP15
526 _aP14
526 _aP12
526 _aP10
526 _aP09
526 _aP08
526 _aP07
526 _aP06
526 _aP05
526 _aP04
526 _aP01
650 1 4 _aImpuestos
_xContribuyentes
_zEspaña.
650 2 4 _aResponsabilidad fiscal
_zEspaña.
650 2 4 _aJurisprudencia fiscal
_zEspaña.
910 _ajck
_bncf
_cncf
_d20160913
942 _2ddc
_cBOOK
949 _a336.2 C538
_wDEWEY
_c1
_i74530
_lCCODEBUL1
_mBUL
_p45.00
_r0
_sY
_tBOOK
_u2016-09-13
_xFCE
_PP08
_0DONACION
_o.STAFF. Colección empresariales
596 _a1
999 _a336.2 C538
_wDEWEY
_c12272
_i74530
_d12272
_f2021-11-5
_g6
_lCCODEBUL1
_mBUL
_p45.00
_q2
_r0
_sY
_tBOOK
_u2016-9-13
_xFCE
_zP08
_0COMPRA
_o.STAFF. Colección empresariales
980 _81
_gALBERTO SANCHEZ Responsable de Automatización